[Event "FIN-ch Seniors 65"]
[Site "Helsinki"]
[Date "2024.03.30"]
[Round "2"]
[White "Mantyniemi, Jaakko"]
[Black "Smeds, Tom"]
[Result "0-1"]
[WhiteElo "1936"]
[BlackElo "1821"]
[PlyCount "84"]
[EventDate "2024.03.29"]
[EventType "swiss"]
[EventRounds "9"]
[EventCountry "FIN"]
[SourceTitle "CB15_2024"]
[SourceDate "2024.04.10"]
[SourceVersion "1"]
[SourceVersionDate "2024.04.10"]
[SourceQuality "1"]

1. e4 Nf6 2. e5 Nd5 3. d4 d6 4. f4 Bf5 5. Bd3 Bxd3 6. Qxd3 Nc6 7. a3 dxe5 8. fxe5 e6 9. Nf3 Be7 10. 0-0 0-0 11. c4 Nb6 12. Nc3 f6 13. Bf4 fxe5 14. Bxe5 Nxe5 15. Nxe5 Bf6 16. Qe4 c6 17. Rad1 Qe7 18. Qe2 Bxe5 19. Qxe5 Nxc4 20. Qe2 Nb6 21. Rfe1 Rae8 22. Ne4 Nd7 23. Qc4 Kh8 24. b4 e5 25. Ng3 Qh4 26. Qd3 Qxd4+ 27. Qxd4 exd4 28. Rxe8 Rxe8 29. Rxd4 Nf6 30. Kf2 g6 31. Kf3 Kg7 32. Ne2 Nd5 33. Rd3 Rxe2 34. Kxe2 Nf4+ 35. Ke3 Nxd3 36. Kxd3 Kf6 37. Kd4 Ke6 38. a4 b6 39. g4 g5 40. h3 Kd6 41. Ke4 c5 42. b5 Ke6 0-1

[Event "FIN-ch Seniors 65"]
[Site "Helsinki"]
[Date "2024.03.29"]
[Round "1"]
[White "Smeds, Tom"]
[Black "Hietala, Pekka"]
[Result "0-1"]
[WhiteElo "1821"]
[BlackElo "1994"]
[PlyCount "94"]
[EventDate "2024.03.29"]
[EventType "swiss"]
[EventRounds "9"]
[EventCountry "FIN"]
[SourceTitle "CB15_2024"]
[SourceDate "2024.04.10"]
[SourceVersion "1"]
[SourceVersionDate "2024.04.10"]
[SourceQuality "1"]

1. g3 e5 2. Bg2 d5 3. Nf3 e4 4. Nd4 Nf6 5. d3 c5 6. Nb3 exd3 7. cxd3 Nc6 8. 0-0 Be7 9. Bg5 0-0 10. Nc3 c4 11. dxc4 dxc4 12. Nd2 Be6 13. Qa4 Na5 14. b4 cxb3 15. axb3 Nc6 16. Nc4 Qd4 17. Nb5 Qg4 18. Bxf6 Bxf6 19. Ra2 Bd7 20. Ne3 Qg5 21. Nc7 Rac8 22. Ncd5 Bd4 23. Rd1 Qe5 24. Rad2 b5 25. Qa2 Bxe3 26. Nxe3 Be6 27. Qb1 a5 28. Qe4 Bxb3 29. Qxe5 Nxe5 30. Rb1 Nc4 31. Nxc4 Bxc4 32. e3 Rfd8 33. Rxd8+ Rxd8 34. Bc6 Rb8 35. Ra1 a4 36. Kg2 Kf8 37. Kf3 Rb6 38. Be4 Rf6+ 39. Kg2 Bb3 40. Bd3 Rb6 41. Kf1 b4 42. Ke1 a3 43. h4 h6 44. g4 a2 45. e4 Rd6 46. Ke2 Be6 47. Ke3 b3 0-1

[Event "FIN-ch Seniors 65"]
[Site "Helsinki"]
[Date "2022.04.20"]
[Round "6"]
[White "Raitanen, Markku"]
[Black "Smeds, Tom"]
[Result "1/2-1/2"]
[WhiteElo "1813"]
[BlackElo "1847"]
[PlyCount "76"]
[EventDate "2022.04.15"]
[EventType "swiss"]
[EventRounds "9"]
[EventCountry "FIN"]
[SourceTitle "CBM 208 Extra"]
[Source "ChessBase"]
[SourceDate "2022.07.31"]
[SourceVersion "1"]
[SourceVersionDate "2022.07.31"]
[SourceQuality "1"]

1. e4 g6 2. d4 Bg7 3. Nc3 d6 4. f4 e6 5. Be3 Ne7 6. Be2 a6 7. Bf3 Nd7 8. Nge2 0-0 9. h4 b5 10. Ng3 Bb7 11. Qd2 Nb6 12. b3 b4 13. Nce2 c5 14. Rd1 Qc7 15. h5 f5 16. hxg6 hxg6 17. 0-0 Rad8 18. Qe1 fxe4 19. Nxe4 Nf5 20. Bf2 cxd4 21. Ng5 Rde8 22. Bxb7 Qxb7 23. Nxd4 Nxd4 24. Bxd4 Bxd4+ 25. Rxd4 Nd5 26. Re4 e5 27. fxe5 Rxf1+ 28. Kxf1 dxe5 29. Rxe5 Rf8+ 30. Nf3 Nf4 31. Qe4 Qxe4 32. Rxe4 a5 33. Re5 Rc8 34. g3 Rc3 35. Kf2 Rxc2+ 36. Ke3 Ng2+ 37. Kd4 Rxa2 38. Re7 a4 1/2-1/2

[Event "Helsinki MatSK op"]
[Site "Helsinki"]
[Date "2020.02.22"]
[Round "5"]
[White "Smeds, Tom"]
[Black "Oksanen, Timo"]
[Result "1/2-1/2"]
[WhiteElo "1878"]
[BlackElo "1905"]
[PlyCount "120"]
[EventDate "2020.02.21"]
[EventType "swiss"]
[EventRounds "7"]
[EventCountry "FIN"]
[SourceTitle "CBM 195 Extra"]
[Source "ChessBase"]
[SourceDate "2020.05.31"]
[SourceVersion "1"]
[SourceVersionDate "2020.05.31"]
[SourceQuality "1"]

1. b3 c5 2. Bb2 Nc6 3. Nf3 d6 4. e4 e5 5. Bc4 Be7 6. 0-0 Nf6 7. Nc3 Bg4 8. h3 Bh5 9. g4 Bg6 10. d3 a6 11. a4 Nd4 12. Nxd4 cxd4 13. Nd5 Nxd5 14. Bxd5 Qd7 15. f4 f6 16. Qd2 Bf7 17. Bxf7+ Kxf7 18. Qg2 Rac8 19. f5 g5 20. fxg6+ hxg6 21. Rf2 g5 22. Raf1 Kg7 23. Bc1 Rcf8 24. Rf5 Rh6 25. R1f3 d5 26. Qf1 dxe4 27. dxe4 Qe8 28. Qc4 Qc6 29. Bxg5 fxg5 30. Rf7+ Kg6 31. Qxc6+ bxc6 32. Rxf8 Bxf8 33. Rxf8 Rxh3 34. Kf1 Re3 35. Ra8 Rxe4 36. Rxa6 Rxg4 37. Rxc6+ Kf5 38. a5 Ke4 39. a6 Rf4+ 40. Ke2 Kd5 41. a7 Rf8 42. Rg6 Ra8 43. Rg7 g4 44. Kf2 e4 45. Rg5+ Kc6 46. Rxg4 Rxa7 47. Rxe4 Kd5 48. Re2 Rf7+ 49. Ke1 Rf3 50. Kd2 Rh3 51. Rg2 Kc5 52. Rg5+ Kc6 53. b4 Rf3 54. b5+ Kb6 55. Rd5 Ra3 56. Rxd4 Kxb5 57. c3 Kc5 58. Kd3 Ra1 59. Rh4 Rd1+ 60. Kc2 Ra1 1/2-1/2

[Event "Helsinki MatSK op"]
[Site "Helsinki"]
[Date "2020.02.21"]
[Round "3"]
[White "Smeds, Tom"]
[Black "Arstila, Petteri"]
[Result "0-1"]
[WhiteElo "1878"]
[BlackElo "2061"]
[PlyCount "89"]
[EventDate "2020.02.21"]
[EventType "swiss"]
[EventRounds "7"]
[EventCountry "FIN"]
[SourceTitle "CBM 195 Extra"]
[Source "ChessBase"]
[SourceDate "2020.05.31"]
[SourceVersion "1"]
[SourceVersionDate "2020.05.31"]
[SourceQuality "1"]

1. c4 e5 2. g3 Nc6 3. Bg2 g6 4. Nc3 Bg7 5. e4 Nge7 6. Nge2 0-0 7. d3 d6 8. 0-0 Bg4 9. h3 Be6 10. Kh2 Qd7 11. a3 f5 12. b4 h6 13. b5 Nd8 14. Qb3 g5 15. exf5 Nxf5 16. Bxb7 Nxb7 17. Bb2 Nc5 18. Qc2 Ne7 19. g4 Rf3 20. Rad1 Raf8 21. Ng3 Bf7 22. Nce4 Bg6 23. Nxc5 dxc5 24. Ne4 Bxe4 25. dxe4 Qe6 26. Rd3 Qf6 27. Kg2 Ng6 28. Bc1 Nh4+ 29. Kg1 Rxd3 30. Qxd3 Nf3+ 31. Kh1 Nd4 32. a4 Qf3+ 33. Qxf3 Rxf3 34. Kg2 Rc3 35. Bb2 Rxc4 36. a5 Rb4 37. Bxd4 exd4 38. b6 cxb6 39. axb6 axb6 40. Ra1 Be5 41. Ra8+ Kf7 42. Rd8 c4 43. f3 c3 44. Kf2 Rc4 45. Rd7+ 0-1

[Event "Las Palmas Insular-chT Segunda 1718"]
[Site "Las Palmas"]
[Date "2018.02.03"]
[Round "7.2"]
[White "Smeds, Tom"]
[Black "Castillo Lorenzo, Fernando"]
[Result "1-0"]
[WhiteElo "1900"]
[BlackElo "1472"]
[PlyCount "71"]
[EventDate "2017.10.28"]
[EventType "team-swiss"]
[EventRounds "9"]
[EventCountry "ESP"]
[SourceTitle "EXT 2021"]
[Source "ChessBase"]
[SourceDate "2020.10.23"]
[SourceVersion "1"]
[SourceVersionDate "2020.10.23"]
[SourceQuality "1"]
[WhiteTeam "Fundacion La Caja de Canarias III"]
[BlackTeam "San Mateo Servitel"]
[WhiteTeamCountry "ESP"]
[BlackTeamCountry "ESP"]

1. b3 e5 2. Bb2 Nc6 3. e3 Nf6 4. Bb5 d6 5. d4 Bd7 6. d5 Ne7 7. Bxd7+ Qxd7 8. c4 Ng6 9. h4 Qg4 10. Qxg4 Nxg4 11. h5 Ne7 12. Nc3 a6 13. Nh3 h6 14. Ke2 Nf6 15. Ng1 g6 16. hxg6 Nxg6 17. Nh3 Bg7 18. Rag1 Nd7 19. g4 0-0-0 20. f3 Rde8 21. Nf2 Rhf8 22. Nce4 Bh8 23. Rxh6 Ne7 24. Nd3 f5 25. Ng5 fxg4 26. fxg4 Nc5 27. Nxc5 dxc5 28. Ne6 Rg8 29. Nxc5 Nf5 30. Re6 Nd6 31. Rxe8+ Rxe8 32. Ne6 b6 33. Rf1 Ne4 34. Rf8 Rxf8 35. Nxf8 Ng3+ 36. Ke1 1-0

[Event "Gran Canaria Santana Memorial 5th"]
[Site "Gran Canaria"]
[Date "2017.02.14"]
[Round "4"]
[White "Donate Villalba, Juan Francisco"]
[Black "Smeds, Tom"]
[Result "1/2-1/2"]
[WhiteElo "1733"]
[BlackElo "1870"]
[PlyCount "97"]
[EventDate "2017.02.03"]
[EventType "swiss"]
[EventRounds "7"]
[EventCountry "ESP"]
[SourceTitle "CBM 177 Extra"]
[Source "ChessBase"]
[SourceDate "2017.04.27"]
[SourceVersion "1"]
[SourceVersionDate "2017.04.27"]
[SourceQuality "1"]

1. e4 g6 2. d4 Bg7 3. Nf3 c6 4. Nc3 d5 5. Bf4 dxe4 6. Nxe4 Nd7 7. Bc4 Ngf6 8. Nfg5 0-0 9. c3 Nxe4 10. Nxe4 e5 11. dxe5 Nxe5 12. Qxd8 Rxd8 13. Bxe5 Bxe5 14. 0-0 Be6 15. Bxe6 fxe6 16. Rfe1 Bg7 17. Nc5 Rd2 18. Nxe6 Rxb2 19. Nxg7 Kxg7 20. Re7+ Kh6 21. Rae1 Rd8 22. h4 Rf8 23. f3 Rf4 24. h5 Ra4 25. hxg6 hxg6 26. R1e4 Rxe4 27. fxe4 Kg5 28. a4 Kf4 29. e5 Kg3 30. Kf1 Rf2+ 31. Ke1 Ra2 32. Rxb7 Rxa4 33. Rg7 Re4+ 34. Kd2 Rxe5 35. Rxg6+ Kf2 36. Rxc6 Rd5+ 37. Kc2 Kxg2 38. Ra6 Rd7 39. c4 Kf3 40. Kc3 Ke4 41. Re6+ Kf5 42. Rh6 Ke5 43. Ra6 Rb7 44. Ra5+ Kd6 45. Kd4 Kc7 46. c5 Kb8 47. c6 Rb1 48. c7+ Kxc7 49. Rxa7+ 1/2-1/2

[Event "Lahti We LahS A"]
[Site "Lahti"]
[Date "2016.07.15"]
[Round "1"]
[White "Tuominen, Joona"]
[Black "Smeds, Tom"]
[Result "1/2-1/2"]
[WhiteElo "1895"]
[BlackElo "1886"]
[PlyCount "87"]
[EventDate "2016.07.15"]
[EventType "swiss"]
[EventRounds "5"]
[EventCountry "FIN"]
[SourceTitle "EXT 2022"]
[Source "ChessBase"]
[SourceDate "2021.10.06"]
[SourceVersion "1"]
[SourceVersionDate "2021.10.06"]
[SourceQuality "1"]

1. Nf3 g6 2. c4 Bg7 3. Nc3 e5 4. d4 d6 5. dxe5 dxe5 6. Qxd8+ Kxd8 7. Bg5+ Ke8 8. 0-0-0 f6 9. Be3 c6 10. Ne4 Ne7 11. Nd6+ Kf8 12. g3 Na6 13. Nxc8 Nxc8 14. Bh3 Nb6 15. b3 f5 16. Rd6 e4 17. Ng5 Be5 18. Rd2 Bc3 19. Rc2 Bf6 20. Rd1 Ke7 21. Bg2 h6 22. Nh3 g5 23. f3 exf3 24. exf3 Rad8 25. Rcd2 Rxd2 26. Rxd2 Rd8 27. Nf2 Rxd2 28. Kxd2 h5 29. Nd3 Ke6 30. a4 Nc8 31. h4 gxh4 32. gxh4 Bxh4 33. Nf4+ Kf7 34. Nxh5 Ne7 35. Nf4 b6 36. Bf1 Bf6 37. Bd3 Nb4 38. Bb1 c5 39. Nh5 Be5 40. Ke2 Kg6 41. Nf4+ Kf6 42. Nd3 Nxd3 43. Kxd3 Nc6 44. Ke2 1/2-1/2

[Event "Naantali op"]
[Site "Naantali"]
[Date "2014.07.03"]
[Round "5"]
[White "Koskinen, Hannu E"]
[Black "Smeds, Tom"]
[Result "1/2-1/2"]
[WhiteElo "1904"]
[BlackElo "1828"]
[PlyCount "97"]
[EventDate "2014.06.30"]
[EventType "swiss"]
[EventRounds "9"]
[EventCountry "FIN"]
[SourceTitle "CBM 161 Extra"]
[Source "ChessBase"]
[SourceDate "2014.08.29"]
[SourceVersion "1"]
[SourceVersionDate "2014.08.29"]
[SourceQuality "1"]

1. Nf3 Nf6 2. d4 c5 3. c4 cxd4 4. Nxd4 b6 5. Nc3 Bb7 6. Nf3 g6 7. Bg5 Bg7 8. Qc2 Bxf3 9. gxf3 0-0 10. e4 Nc6 11. Rd1 h6 12. Be3 e5 13. Nb5 a6 14. Nd6 Nd4 15. Bxd4 exd4 16. Rxd4 Nh5 17. Rd1 Nf4 18. b4 Be5 19. c5 Qf6 20. Rc1 Bxd6 21. cxd6 Qxd6 22. Qd2 Qxd2+ 23. Kxd2 a5 24. bxa5 Rxa5 25. Ke3 g5 26. Bc4 d5 27. Bb3 d4+ 28. Kd2 Rc5 29. h4 Rfc8 30. hxg5 Rxc1 31. Rxc1 Rxc1 32. Kxc1 hxg5 33. Kd2 Kf8 34. Bc4 f6 35. Kc2 Ke7 36. Kb3 Kd6 37. Kb4 Nh3 38. Kb5 Kc7 39. Bf1 Nxf2 40. Kc4 d3 41. Bxd3 Nxd3 42. Kxd3 Kd6 43. Kd4 Ke6 44. a3 f5 45. exf5+ Kxf5 46. Ke3 b5 47. Ke2 Ke6 48. Kd2 Kf5 49. Ke2 1/2-1/2

[Event "Naantali op"]
[Site "Naantali"]
[Date "2014.07.01"]
[Round "2"]
[White "Varonen, Hannu"]
[Black "Smeds, Tom"]
[Result "0-1"]
[WhiteElo "1509"]
[BlackElo "1828"]
[PlyCount "36"]
[EventDate "2014.06.30"]
[EventType "swiss"]
[EventRounds "9"]
[EventCountry "FIN"]
[SourceTitle "CBM 161 Extra"]
[Source "ChessBase"]
[SourceDate "2014.08.29"]
[SourceVersion "1"]
[SourceVersionDate "2014.08.29"]
[SourceQuality "1"]

1. e4 e6 2. d4 d5 3. exd5 exd5 4. Bd3 Nc6 5. c3 Bd6 6. Nf3 Nge7 7. 0-0 Bg4 8. Nbd2 Qd7 9. Re1 0-0-0 10. b4 Ng6 11. b5 Nce7 12. a4 Nf4 13. Bf1 Neg6 14. Qb3 Rhe8 15. Ba3 Bxa3 16. Qxa3 Bxf3 17. Nxf3 Qg4 18. Qa2 Nxg2 0-1

[Event "Helsinki We Garde 3rd Group B"]
[Site "Helsinki"]
[Date "2014.03.01"]
[Round "3"]
[White "Smeds, Tom"]
[Black "Pulkkinen, Heikki"]
[Result "1/2-1/2"]
[WhiteElo "1871"]
[BlackElo "1816"]
[PlyCount "108"]
[EventDate "2014.02.28"]
[EventType "swiss"]
[EventRounds "5"]
[EventCountry "FIN"]
[SourceTitle "EXT 2022"]
[Source "ChessBase"]
[SourceDate "2021.10.06"]
[SourceVersion "1"]
[SourceVersionDate "2021.10.06"]
[SourceQuality "1"]

1. c4 Nf6 2. Nc3 g6 3. e4 d6 4. Be2 Nc6 5. d4 e5 6. dxe5 dxe5 7. Qxd8+ Kxd8 8. Bg5 Be7 9. 0-0-0+ Bd7 10. Nf3 h6 11. Bh4 Re8 12. Bxf6 Bxf6 13. Nd5 Bg7 14. g4 Nd4 15. Nxd4 exd4 16. f3 c6 17. Nf4 Kc7 18. Bd3 Rad8 19. h4 Re7 20. c5 b6 21. cxb6+ axb6 22. Bc4 Be8 23. Nd3 f5 24. Nf4 Rd6 25. gxf5 gxf5 26. exf5 Be5 27. Ne6+ Kb7 28. f4 Bf6 29. h5 c5 30. Be2 Bc6 31. Rhg1 Be4 32. Bg4 Kc6 33. Rge1 Kd5 34. b3 Ra7 35. a4 b5 36. Rxe4 Kxe4 37. Re1+ Kd3 38. Nxc5+ Kc3 39. Ne4+ Kxb3 40. Nxd6 Rc7+ 41. Kb1 bxa4 42. Bd1+ Kb4 43. Ne8 Rf7 44. Nxf6 Rxf6 45. Bc2 a3 46. Ka2 Kc3 47. Re6 Rf8 48. Rc6+ Kd2 49. Kxa3 d3 50. Bxd3 Kxd3 51. Rxh6 Ke4 52. f6 Kxf4 53. Rg6 Kf5 54. Kb4 Rxf6 1/2-1/2

[Event "Helsinki-ch 2014 Group A1"]
[Site "Helsinki"]
[Date "2014.01.02"]
[Round "5"]
[White "Nyman, Leif"]
[Black "Smeds, Tom"]
[Result "1/2-1/2"]
[WhiteElo "1869"]
[BlackElo "1886"]
[PlyCount "52"]
[EventDate "2013.12.29"]
[EventType "tourn"]
[EventRounds "9"]
[EventCountry "FIN"]
[SourceTitle "EXT 2022"]
[Source "ChessBase"]
[SourceDate "2021.10.06"]
[SourceVersion "1"]
[SourceVersionDate "2021.10.06"]
[SourceQuality "1"]

1. d4 e6 2. c4 f5 3. g3 Nf6 4. Bg2 c6 5. Nc3 d5 6. b3 Bd6 7. Nf3 0-0 8. 0-0 Nbd7 9. Bb2 Ne4 10. Qc2 Qf6 11. Rad1 b6 12. cxd5 exd5 13. Nxe4 fxe4 14. Ne5 Nxe5 15. dxe5 Bxe5 16. Bxe5 Qxe5 17. Qxc6 Be6 18. f4 Qf5 19. Rc1 Rac8 20. Qb7 Rf7 21. Rxc8+ Bxc8 22. Qb8 Rb7 23. Qd6 Rd7 24. Qb8 Rb7 25. Qd6 Rd7 26. Qc6 Ba6 1/2-1/2